Digital and analog communication systems (Record no. 189286)
[ view plain ]
| 000 -LEADER | |
|---|---|
| fixed length control field | 00833 a2200193 4500 |
| 003 - CONTROL NUMBER IDENTIFIER | |
| control field | Nust |
| 005 - DATE AND TIME OF LATEST TRANSACTION | |
| control field | 20170207153600.0 |
| 020 ## - INTERNATIONAL STANDARD BOOK NUMBER | |
| International Standard Book Number | 9788131725436 |
| 040 ## - CATALOGING SOURCE | |
| Transcribing agency | Nust |
| 082 ## - DEWEY DECIMAL CLASSIFICATION NUMBER | |
| Classification number | 621.382 |
| 100 ## - MAIN ENTRY--PERSONAL NAME | |
| Personal name | W.Couch, Leon |
| 245 ## - TITLE STATEMENT | |
| Title | Digital and analog communication systems |
| Statement of responsibility, etc. | Leon W.Couch, |
| 250 ## - EDITION STATEMENT | |
| Edition statement | 7th ed |
| 260 ## - PUBLICATION, DISTRIBUTION, ETC. | |
| Place of publication, distribution, etc. | Pearson Education |
| Name of publisher, distributor, etc. | India |
| Date of publication, distribution, etc. | 2009 |
| 300 ## - PHYSICAL DESCRIPTION | |
| Extent | 749 p |
| 505 ## - FORMATTED CONTENTS NOTE | |
| Formatted contents note | Introduction (Page-29) Signal and Spectra (Page-60) Baseband Pulse and Digital Signals (Page-150)Banpass Signaling Principles and Circuits (Page-250) AM, FM , and Digital Modulation Systems (Page-320) Random Processes and Spectral Analysis (Page-409) Performance of Communication Systems Corrupted by Noise (Page-482) Wire and Wireless Communication Systems (Page-555) |
| 538 ## - SYSTEM DETAILS NOTE | |
| System details note | Almirah No.39and Shelf No.4 |
| 650 ## - SUBJECT ADDED ENTRY--TOPICAL TERM | |
| Topical term or geographic name entry element | Communication Systems |
| 942 ## - ADDED ENTRY ELEMENTS (KOHA) | |
| Source of classification or shelving scheme | |
| Koha item type | Book |
| Withdrawn status | Lost status | Source of classification or shelving scheme | Damaged status | Not for loan | Collection code | Permanent Location | Current Location | Date acquired | Total Checkouts | Full call number | Barcode | Date last seen | Price effective from | Koha item type |
|---|---|---|---|---|---|---|---|---|---|---|---|---|---|---|
| Military College of Signals (MCS) | Military College of Signals (MCS) | 12/12/2016 | 621.382 COU | MCS35035 | 12/08/2016 | 12/12/2016 | Book |
